00426nam a22001217a 4500999001700000082001200017100004200029245005100071260007100122300000800193942000700201952009600208 c65028d65025 a297.922 aڈاکٹر نور محمد غفاری aنبی کریم ص کی معاشی زندگی aاردو نگر ملتانbعتیق پبلشنگ ہاؤسc1993 a405 cBK 00104070aREFbREFd2019-07-04l0o297.922 (Shelf -19E)pR16627r2019-07-04 00:00:00yBK